000 00791nam a2200265Ia 4500
001 Para_3614
003 CHAP
008 220125s1940 xx 000 0 und d
010 _a202146
040 _cCHAP
090 _aPA FOLLETO 1214
245 _aEntomological progress :
_b number 2 /
_c C.O. Eddy [et.al.]
260 _aBaton Rouge, Lo. :
_b :
_b Agricultural Experiment Station
300 _a51 p.
440 _aLouisiana. Agri. Exp. Sta., Bull.; 323
_9167191
650 _aControl de plagas Insecticidas Entomología
_x Investigación
_9167192
700 _aEddy, C. O.
_935319
901 _aPA FOLLETO 1214
902 _aA
905 _a0000001940 BAT 0000000000 00
910 _a1940
942 _cPARA
942 _cPARA
_d1
999 _c202146
_d202146